00386 a2200097 4500001001000000005001700010008004100027245012900068100002500197773006600222ART_4060820260410161646.0260409a 10aLa carga de la acreditación de los hechos o de la prueba en los procedimientos de inspección y determinación de oficio1 aCaranta, Martín R.0 tConsultor tributariog- Año 10, Nº 116 (oct. 2016)wREV474